Normal view
MARC view
- Jithu P Ajith
Entry Personal Name
001 - CONTROL NUMBER
- control field: 4221
003 - CONTROL NUMBER IDENTIFIER
- control field: OSt
005 - DATE AND TIME OF LATEST TRANSACTION
- control field: 20190715112550.0
008 - FIXED-LENGTH DATA ELEMENTS
- fixed length control field: 190715|| aca||aabn | a|a d
040 ## - CATALOGING SOURCE
- Original cataloging agency: OSt
- Transcribing agency: OSt
100 ## - HEADING--PERSONAL NAME
- Personal name: Jithu P Ajith
670 ## - SOURCE DATA FOUND
- Source citation: Work cat.: (OSt): Jithu P Ajith, Development and testing of a domestic coconut climber, 2019
